000 00273nam a22001337a 4500
003 SGT
082 _a615.532
_bP15C
100 _aCLARKE, J.H.
245 _aTHE PRESCRIBER
260 _aINDIA
_bB.JAIN PUB
_c2015
300 _a346
650 _aHOMEOPATHIC
942 _2ddc
_cBK
999 _c20380
_d20380